|
|
|
|
| LEADER |
02228njm a2200397 a 4500 |
| 001 |
000704370 |
| 003 |
CZ BrMZK |
| 005 |
20090303082134.0 |
| 007 |
sd fsngnnmmned |
| 008 |
040126s2004 xr bl e eng d |
| 028 |
0 |
1 |
|a SU 5507-2 512
|b Supraphon
|
| 040 |
|
|
|a BOA001
|b cze
|
| 047 |
|
|
|a bl
|
| 048 |
|
|
|a od
|b vu
|
| 080 |
|
|
|a 78.036
|2 MRF
|
| 100 |
1 |
|
|a Olmerová, Eva,
|d 1934-1993
|7 jn19990209613
|4 sng
|
| 245 |
1 |
0 |
|a Blues samotářky
|h [zvukový záznam] :
|b to nejlepší 1962-1992
|
| 260 |
|
|
|a Praha :
|b Supraphon,
|c p2004
|
| 300 |
|
|
|a 2 zvukové desky (69:32, 68:28) :
|b digital, stereo ;
|c 12 cm +
|e 1 brožura [8 s.]
|
| 306 |
|
|
|a 010932
|a 010828
|
| 500 |
|
|
|a Původní fonogramy p1963-1992 různá vydavatelství
|
| 500 |
|
|
|a Kompaktní desky (AAD)
|
| 500 |
|
|
|a Kompilace
|
| 505 |
2 |
0 |
|t Jsi jako dlouhý most --
|t Blues samotářky --
|t Můj pláč --
|t Un homme et une femme --
|t Druhý břeh --
|t Slunce zhaslo dojetím --
|t Matka --
|t Čekej tiše --
|t Černá kára --
|t Blues železničního mostu --
|t Ó, boží den --
|t Tam pod nebeskou bání --
|t Vzdávám svůj dík --
|t Poprchává --
|t Paralely --
|t Počítám hodiny --
|t Vstává den a modře svítá --
|t Vnímám tvůj hlas --
|t Mosty nadějí --
|t Čajová růže --
|t Můj milý se vrátil --
|t Tvou lásku --
|t Prosím, volejte 2245 --
|t Já hledám štěstí --
|t Bílá mříž --
|t Georgia --
|t Zpívám dál --
|t Máš mít zpáteční --
|t Těžký vzdech --
|t Já mám naštěstí pár přátel
|
| 511 |
0 |
|
|a Zpívají: Eva Olmerová, Jiří Suchý, Václav Janda
|
| 511 |
0 |
|
|a TOČr, Karel Krautgartner, dirigent; Studijní skupina tradičního jazzu; Karel Vlach se svým orchestrem ... [et al.]
|
| 650 |
0 |
7 |
|a blues
|7 ph118940
|2 czenas
|
| 655 |
|
7 |
|a kompaktní desky
|7 fd201991
|2 czenas
|
| 700 |
1 |
|
|a Janda, Václav,
|d 1866-1929
|7 jk01050855
|4 sng
|
| 700 |
1 |
|
|a Suchý, Jiří,
|d 1931 říjen 1.-
|7 jk01121734
|4 sng
|
| 710 |
2 |
|
|a Studijní skupina tradičního jazzu
|7 xx0071190
|
| 710 |
2 |
|
|a Taneční orchestr Československého rozhlasu Praha
|7 ko2002102437
|
| 710 |
2 |
|
|a Orchestr Karla Vlacha
|7 kn20010710270
|
| 910 |
|
|
|a BOA001
|b CD-0011.415
|
| 990 |
|
|
|a AV
|
| 996 |
6 |
|
|b 261H012532
|c CD-0011.415
|l MZK
|r Sklad / do 24 hodin
|n 1
|w 000704370
|u 000010
|a 1
|e BOA001
|j MZK50
|s P
|